000 00445nam a2200169 a 4500
001 0000-8537
003 ELIB.Books
008 110520 1957
035 _a(ELIB.Books)0000-8682
082 _a268
_bAnd
100 _aAnderson, Bernhard W
245 _aThe Unfoleling Drama of the Bible
260 _bNew York: Association Press
_c1957
650 _aChristian Education
942 _2ddc
_cBK
998 _cbat
_e2011-05-20
999 _c8537
_d8537